000 01580nam a22003137a 4500
003 PE SENCICO BE
005 20260224192523.0
008 251113b |||||||| |||| 00| 0 eng d
020 _a978-9962-04-043-9
040 _aPE SENCICO BE
_cPE SENCICO BE
041 _aspa
082 _a709.04058
_bS21
100 1 _aSánchez Vidiella Álex
_943
_eautor
245 1 _aEl gran libro del minimalismo /
_cAlex Sanchez Vidiella, Macarena San Martin de Soto ; editor: Esther Moreno
250 _a[1a ed.]
260 _aBarcelona :
_bLexus editores,
_c2012
300 _a599 páginas :
_bIlustraciones, planos, textos ;
_c28.5 cm.
505 0 _aViviendas: Lofts -- Casas urbanas -- Casas de campo -- Casas en la montaña -- Casa junto al agua -- Oficinas y edificios públicos -- Espacios comerciales: Tiendas, boutiques y showrooms -- Hoteles, restaurantes, bares y lounges -- Diseño Industrial
520 3 _aDescribe las mejores construcciones y diseños del minimalismo de los últimos cinco años, todos ellos creación de los arquitectos y diseñadores mas prestigiosos del panorama mundial. Los proyectos están clasificados en tres grandes grupos: viviendas, oficinas y edificios públicos y espacios comerciales.
650 1 0 _aMinimalismo (Arquitectura)
_9446
650 2 0 _aArte abstracto
_9447
650 2 0 _aDecoración de interiores
_9398
650 2 0 _aSurrealismo
_9448
650 2 0 _aDecoración y ornamentación
_9397
700 1 _aMoreno, Esther
_eeditor
700 1 _aSan Martin de Soto, Macarena
_944
_eautor
910 _ahfp
942 _2ddc
_cLIB
999 _c9764
_d9764